| 000 | 00575nam a22002057a 4500 | ||
|---|---|---|---|
| 003 | OSt | ||
| 005 | 20140310182931.0 | ||
| 008 | 130131t xxu||||| |||| 00| 0 eng d | ||
| 020 | _a971725110X | ||
| 050 |
_aPL 6141 _b.Ag283 2009 |
||
| 082 |
_aFIL 788.211 _bAg9 2009 |
||
| 245 |
_aPanitikan ng Pilipinas _cAguilar, Reynaldo L. _b (rehiyunal na pagdulog) Filipino 21 |
||
| 260 |
_aPateros _bGrandbooks Pub. _cc2009 |
||
| 300 |
_a 292 p. _c23 cm. |
||
| 521 | _acollege students | ||
| 526 | _c1210L-1700L | ||
| 541 | _j1 | ||
| 562 | _e1 | ||
| 942 |
_2lcc _cBK _kFIL |
||
| 999 |
_c17536 _d17536 |
||